Enciklopedija kibernetiki. Tom 2. Mich-Jač

Gespeichert in:
Bibliographische Detailangaben
Format: Buch
Sprache:Russisch
Veröffentlicht: Kijev : Glavnaja redakcija USE, 1974
Schlagworte:
Tags: Tag hinzufügen
Keine Tags, Fügen Sie das erste Tag hinzu!

MARC

LEADER 00000nam a22000003a 4500
001 stu35921
005 20141122054309.0
008 920518s1974----xxr-----------------rus-d
040 |a STU  |b slo 
041 0 |a rus 
044 |a xxr 
080 |a 007(031) 
245 |a Enciklopedija kibernetiki. Tom 2. Mich-Jač 
260 |a Kijev :  |b Glavnaja redakcija USE,  |c 1974 
300 |a 618 s 
650 7 |a kybernetika  |2 stusub 
650 7 |a encyklopédie  |2 stusub 
650 7 |a Encyklopédia kybernetiky  |2 stusub 
996 |b 284M003401  |c M*4340/2-1  |l MMKN  |s A  |a 24  |w stu35921_0001 
996 |b E37874  |c E*37874  |l EE03  |s P  |a 0  |w stu35921_0003